Автоматизация ускорителя электронов с плазменным катодом; Современные техника и технологии; Т. 1

Dades bibliogràfiques
Parent link:Современные техника и технологии: сборник трудов XVI Международной научно-практической конференции студентов, аспирантов и молодых ученых, Томск, 12-16 апреля 2010 г/ Национальный исследовательский Томский политехнический университет (ТПУ).— , 2010
Т. 1.— 2010.— [С. 214-215]
Autor principal: Калушевич А. А.
Altres autors: Шугуров В. В. (научный руководитель), Коваль Н. Н.
Sumari:Заглавие с титульного листа
Электронная версия печатной публикации
Idioma:rus
Publicat: 2010
Matèries:
Accés en línia:http://www.lib.tpu.ru/fulltext/v/Conferences/2010/K04/104107.pdf
Format: MixedMaterials Electrònic Capítol de llibre
KOHA link:https://koha.lib.tpu.ru/cgi-bin/koha/opac-detail.pl?biblionumber=227093

MARC

LEADER 00000nla2a2200000 4500
001 227093
005 20231031201258.0
035 |a (RuTPU)RU\TPU\book\247492 
035 |a RU\TPU\book\247490 
090 |a 227093 
100 |a 20121130d2010 k y0rusy50 ca 
101 0 |a rus 
102 |a RU 
105 |a y z 101zy 
135 |a drnn ---uucaa 
181 0 |a i  
182 0 |a b 
200 1 |a Автоматизация ускорителя электронов с плазменным катодом  |b Электронный ресурс  |f А. А. Калушевич, В. В. Шугуров  |g науч. рук. Н. Н. Коваль 
203 |a Текст  |c электронный 
215 |a 1 файл (386 Кб) 
230 |a Электронные текстовые данные (1 файл : 386 Кб) 
300 |a Заглавие с титульного листа 
300 |a Электронная версия печатной публикации 
337 |a Adobe Reader 
461 0 |0 (RuTPU)RU\TPU\book\245271  |t Современные техника и технологии  |o сборник трудов XVI Международной научно-практической конференции студентов, аспирантов и молодых ученых, Томск, 12-16 апреля 2010 г  |o в 3 т.  |f Национальный исследовательский Томский политехнический университет (ТПУ)  |d 2010 
463 0 |0 (RuTPU)RU\TPU\book\245275  |t Т. 1  |v [С. 214-215]  |d 2010  |p [511 с.] 
610 1 |a ускорители 
610 1 |a электроны 
610 1 |a плазменные катоды 
610 1 |a автоматизация 
610 1 |a термокатоды 
610 1 |a электронный ресурс 
610 1 |a труды учёных ТПУ 
700 1 |a Калушевич  |b А. А. 
701 1 |a Шугуров  |b В. В. 
702 1 |a Коваль  |b Н. Н.  |4 727 
801 1 |a RU  |b 63413507  |c 20121116 
801 2 |a RU  |b 63413507  |c 20130425  |g RCR 
856 4 |u http://www.lib.tpu.ru/fulltext/v/Conferences/2010/K04/104107.pdf 
942 |c CF